2008 Sonrası Türkiye'de En Yaygın Kadın İsimleri - Statistics

General Stats
  • This quiz has been taken 51 times
  • The average score is 31 of 100
Answer Stats
Popülerlik Toplam Kişi Sayısı 2008'den Sonraki Kişi Sayısı Answer % Correct
1 1.206.308 480.919 Z Zeynep
97%
5 1.785.785 150.822 A Ayşe
95%
2 1.009.458 463.031 E Elif
84%
3 883.350 416.435 N Nur
84%
7 2.249.779 144.252 F Fatma
78%
34 1.355.073 74.084 E Emine
70%
44 153.887 61.783 D Deniz
68%
8 459.548 139.511 Z Zehra
68%
54 177.866 53.292 G Gül
65%
13 133.073 117.551 S Su
65%
12 174.475 131.458 N Naz
62%
16 1.240.884 108.689 H Hatice
59%
28 245.297 81.463 E Esma
57%
94 293.014 28.424 E Esra
57%
32 214.390 75.569 İ İrem
51%
89 56.808 30.935 M Melis
51%
72 144.311 40.648 E Eda
49%
14 132.829 116.660 E Ela
49%
41 373.033 62.939 M Merve
49%
80 45.293 35.486 N Nil
49%
36 125.675 70.512 E Ece
46%
64 100.103 48.820 M Melisa
46%
6 197.405 148.449 N Nisa
46%
47 165.341 58.739 B Beyza
43%
100 96.440 26.524 B Buse
43%
58 126.030 50.931 S Sude
43%
11 219.608 133.116 Y Yağmur
43%
4 185.314 180.726 E Ecrin
41%
56 52.644 51.719 L Lina
41%
10 166.426 134.751 E Eylül
38%
31 216.865 78.437 B Betül
35%
53 269.082 54.734 B Büşra
35%
71 116.688 41.005 C Ceren
35%
63 68.592 49.660 I Irmak
35%
25 301.453 86.465 M Melek
35%
68 159.643 42.212 H Hilal
32%
15 495.840 111.982 M Meryem
32%
81 136.298 34.213 N Nazlı
32%
48 73.217 57.393 T Tuana
32%
20 98.826 94.116 A Ada
30%
92 273.616 28.798 H Havva
30%
76 153.885 38.427 M Melike
30%
52 61.153 55.315 M Mina
30%
17 102.579 101.074 A Asel
27%
9 161.625 136.431 A Azra
27%
73 102.543 39.548 İ İpek
27%
79 55.785 36.669 R Rana
27%
37 143.950 69.421 S Sena
27%
51 128.768 56.411 S Sümeyye
27%
43 103.787 62.160 Y Yaren
27%
95 168.572 28.381 A Ayşegül
24%
50 60.121 56.606 B Belinay
24%
62 64.876 49.660 C Cemre
24%
61 108.296 50.272 D Damla
24%
18 109.181 100.341 D Defne
24%
59 54.090 50.867 D Derin
24%
85 59.288 32.701 G Gökçe
24%
23 89.487 86.651 H Hira
24%
96 84.737 27.266 İ İlayda
24%
42 67.743 62.426 B Beren
22%
74 46.709 39.536 C Ceylin
22%
39 276.036 65.580 K Kübra
22%
21 114.404 91.719 N Nehir
22%
38 267.330 66.692 R Rabia
22%
98 36.718 27.173 B Beril
19%
60 61.573 50.637 B Berra
19%
29 87.813 81.294 E Erva
19%
30 85.392 78.585 E Eslem
19%
65 47.752 47.107 M Mira
19%
49 69.326 57.249 Ö Öykü
19%
91 37.580 29.263 S Serra
19%
70 351.147 41.378 S Sultan
19%
19 104.243 95.747 D Duru
16%
84 85.637 32.912 Ş Şevval
16%
78 47.339 37.179 A Ahsen
14%
57 53.194 51.713 A Alya
14%
69 56.686 41.680 A Amine
14%
99 135.042 27.028 B Bahar
14%
87 74.124 31.920 B Berfin
14%
24 109.178 86.471 E Ebrar
14%
27 100.322 84.159 M Miray
14%
77 54.081 37.604 E Elanur
11%
97 51.021 27.180 G Güneş
11%
67 49.699 44.561 R Ravza
11%
22 109.090 88.988 A Asya
8%
40 63.590 63.472 B Buğlem
8%
82 53.149 33.619 E Esmanur
8%
75 78.241 39.296 H Hazal
8%
35 77.534 73.252 H Hiranur
8%
90 30.676 29.469 H Hüma
8%
88 52.504 31.117 H Hümeyra
8%
33 79.807 74.477 İ İkra
8%
83 33.262 33.154 M Masal
8%
46 81.798 59.417 N Nisanur
8%
26 88.227 85.116 Z Zümra
8%
86 33.934 32.556 A Asmin
3%
66 157.392 45.902 M Medine
3%
45 75.927 59.881 S Sare
3%
93 32.296 28.547 A Aysima
0%
55 53.823 52.623 E Esile
0%
No matching quizzes found
Score Distribution
Percent of People with Each Score
Percentile by Number Answered
Your Score History
You have not taken this quiz